• 首页
  • 本馆介绍
  • 公告通知
  • 最新文献
  • 馆藏检索
  • 电子资源
  • 读者导购
  • 参考咨询
  • 我的图书馆
  • 登录
  • 详细信息显示
  • 放入我的书架
  • 预约/预借图书
  • 作者相关作品
  • 分类相关作品
  • 丛书相关作品
  • 出版社相关作品

书目信息

  • 表格格式
  • 工作单格式
  • 卡片格式
题名:
逼近论讲义
    
 
作者: H.и·阿赫叶惹尔 著 ;程民德 译
分册:  
出版信息: 北京   科学出版社  1957.09
页数: 323页
开本: 20cm
丛书名:
单 册:
中图分类: O174.41
科图分类:
主题词: 数学分析
电子资源:
ISBN:
000 00634nam0 2200205 450
001 0655797578
005 20060728154143.35
010    @dCNY1.90
100    @a20060728d1957 km y0chiy0120 ea
101 0  @achi@crus
102    @aCN@b110000
200 1  @a逼近论讲义@Abi jin lun jiang yi@f(苏)H.и·阿赫叶惹尔著@F(su)H.и·a he ye re er zhu@g程民德等译@Gcheng min de deng yi
210    @a北京@c科学出版社@d1957.09
215    @a323页@d20cm
606 0  @a数学分析
690    @aO174.41@v3
701  0 @aH.и·阿赫叶惹尔@AH.и·a he ye re er@4著
702  0 @a程民德@Acheng min de@4译
801  0 @aCN@bPFT@c20060728
905    @a10447@dO174.41@e161
    
    逼近论讲义/(苏)H.и·阿赫叶惹尔著/程民德等译.-北京:科学出版社,1957.09
    323页;20cm
    
    
    ISBN :CNY1.90
    
●
相关链接 在E读中查询图书 在五车中查询图书 在当当中查询图书 在豆瓣中查询图书


正题名:逼近论讲义     索取号:O174.41/161         预约/预借

序号 登录号 条形码 馆藏地/架位号 状态 备注
1 0442792   204427922   密集书库/ [索取号:O174.41/161] 在馆    
唐山师范学院图书馆 欢迎您!
大连网信软件有限公司© 版权所有